| 000 | 00381nam a22001457a 4500 | ||
|---|---|---|---|
| 003 | SGT | ||
| 082 |
_a617.63 _bD21S |
||
| 100 | _aSood, Bhargavi | ||
| 245 | _aDemystifying Artificial Intelligence | ||
| 260 |
_aGurugram, Haryana _bSGT University _c2021 |
||
| 300 | _a95 | ||
| 650 | _aOral and Maxillofacial Radiology | ||
| 653 | _aOral and Maxillofacial Radiology | ||
| 942 |
_2ddc _cTH |
||
| 999 |
_c23626 _d23626 |
||